LEADER 00952nam a2200217 i 4500 001 000000174713 003 CaOOAMICUS 005 20080929000000.0 008 080929s1952 it u000 u ita u 013 $a152189 040 $aSeMil$bita 240 13$aLe plus beaux textes sur la Vierge Marie.$0(OLS)http://semarc/title/250468 245 10$aVergine madre figlia del tuo figlio /$cle più belle pagine dall'antichità a oggi scritte sulla Madonna e raccolte da padre Pio Regamey. 260 $aRoma :$bAtlante,$c1952. 300 $a524 p. ;$c27 cm. 600 04$aMadonna.$0(OLS)http://semarc/subject/10153 700 1 $aRegamey, Pie-Raymond,$c.$0(OLS)http://semarc/name/22056 850 $aSeMil 852 $aSeMil$W1$xVenegono$y1$m2L V 64$j125543$B125543$CSeMilBibl$Z2$F136558 $81 996 $6245$aVergine madre figlia del tuo figlio$9(OLS)http://semarc/title/250467 996 $6260$aRoma :$bAtlante$9(OLS)http://semarc/publisher/49330 LEADER 00982nam a2200217 i 4500 001 000000193978 003 CaOOAMICUS 005 20101102000000.0 008 101102s1901 it u000 u ita u 013 $a172623 040 $aSeMil$bita 100 1 $aTinti, Luigi .$0(OLS)http://semarc/name/70527 245 10$aVita e missioni nell'Indo-Cina del beato Odorico da Pordenone dei Frati Minori (1285-1331) /$cDr. Nob. Luigi Tinti. 260 $aRoma :$bDesclée, Lefebvre e C.,$c1901. 300 $a178 p. :$bill. ;$c23 cm. 500 $aContiene : Appendice. 650 4$aOdorico : da Pordenone .$0(OLS)http://semarc/subject/36433 850 $aSeMil 852 $aSeMil$W1$xVenegono$y1$m3J III 136$j144552$B144552$CSeMilBibl$Z2$F155843 $81 996 $6245$aVita e missioni nell'Indo-Cina del beato Odorico da Pordenone dei Frati Minori (1285-1331)$9(OLS)http://semarc/title/279638 996 $6260$aRoma :$bDesclée, Lefebvre e C.$9(OLS)http://semarc/publisher/29735